Statistics for Where did these NBA Players go to College (Hard)

Click here to take the quiz!

General Stats

  • This quiz has been taken 36 times
  • The average score is 14 of 35

Answer Stats

NameCollege% Correct
Jarrett AllenTexas
74%
Kyle KuzmaUtah
74%
Jeremy LinHarvard
71%
Lonnie Walker IVMiami
63%
Zhaire SmithTexas Tech
57%
Paul GeorgeFresno State
54%
Tyler LydonSyracuse
54%
Montrezl HarrellLouisville
51%
Kyle KorverCreighton
49%
Dorian Finney-SmithFlorida
49%
John CollinsWake Forest
49%
Ron BakerWichita State
49%
Justin HolidayWashington
46%
Jared DudleyBoston College
43%
Spencer DinwiddieColorado
43%
Jamal CrawfordMichigan
43%
Pascal SiakamNew Mexico State
43%
Jerian GrantNotre Dame
43%
Steven AdamsPittsburgh
43%
Jerryd BaylessArizona
40%
Greg MonroeGeorgetown
40%
Tyreke EvansMemphis
40%
Wesley IwunduKansas State
34%
Kenneth FariedMorehead State
31%
Damian JonesVanderbilt
31%
Wesley MatthewsMarquette
29%
Courtney LeeWestern Kentucky
29%
DeMarre CarrolMissouri
26%
Kosta KoufosOhio State
26%
Tim FrazierPenn State
23%
Derrick Jones Jr.UNLV
23%
Sterling BrownSouthern Methodist
20%
MarShon BrooksProvidence
17%
Mike MuscalaBucknell
11%
James Ennis IIILong Beach State
6%

Score Distribution

Percentile by Number Answered

Percent of People with Each Score

Your Score History

You have not taken this quiz